Lactología técnica: recogida, tratamiento y transformación de la leche en países templados y calientes

Guardat en:
Dades bibliogràfiques
Autor principal: Veisseyre, Roger (Autor)
Format: Llibre
Idioma:espanyol
Publicat: Zaragoza Acribia 1972
Matèries:
Etiquetes: Afegir etiqueta
Sense etiquetes, Sigues el primer a etiquetar aquest registre!

MARC

LEADER 00000nam a2200000 a 4500
001 UCR4715
003 CL-VaPUC
008 980313e19720000SP |||||||||||||||||spa|d
082 0 4 |a 637.1  |b VEI  |2 21 
100 0 |a Veisseyre, Roger  |e author  |9 405263 
245 1 0 |a Lactología técnica: recogida, tratamiento y transformación de la leche en países templados y calientes 
300 |a 671 p 
942 |c BK 
945 |d 19980313 00:00:00  |a crobeson 
260 |a Zaragoza  |b Acribia  |c 1972 
650 7 |a INDUSTRIA LECHERA  |2 CL-VaPUC  |9 259749 
650 0 |a Productos lácteos   |9 259521 
650 0 |a Leche  |9 259848 
583 |a last modification  |c 19980313 00:00:00  |k Rodrigo Vera 
999 |c 267609  |d 267607 
952 |0 0  |1 0  |4 0  |6 637_100000000000000_VEI_1972  |7 0  |8 A  |9 300040  |a BIBALI  |b BIBALI  |c RES  |d 2019-11-20  |i 1949896  |o 637.1 VEI 1972  |p 1949896  |r 2025-01-20  |w 2019-11-20  |y BK_R  |k ALI 
952 |0 0  |1 0  |4 0  |6 637_100000000000000_VEI_1972  |7 0  |8 A  |9 300041  |a BIBALI  |b BIBALI  |c RES  |d 2019-11-20  |i 194990K  |o 637.1 VEI 1972  |p 194990K  |r 2025-01-20  |w 2019-11-20  |y BK_R  |k ALI